| 000 | 00619cam a22002291 4500 | ||
|---|---|---|---|
| 001 | sa 64007544 | ||
| 003 | DLC | ||
| 005 | 20260227112047.0 | ||
| 008 | 890703s1962 ii h 000 0 hino | ||
| 010 | _asa 64007544 | ||
| 035 | _a(OCoLC)19958941 | ||
| 040 |
_aDLC _cWaU _dDLC |
||
| 042 | _apremarc | ||
| 050 | 0 | 0 |
_aPK2095.V45 _bK5 1962 |
| 100 | 0 |
_aVidyāpati Ṭhākura, _dactive 15th century. |
|
| 245 | 1 | 0 | _aKīrtilatā. |
| 260 | _c[1962] | ||
| 300 |
_a122, 450 p. _bfacsims. _c19 cm. |
||
| 500 | _aIn Hindi. | ||
| 600 | 0 | 0 |
_aKīrtisiṃha, _dactive 15th century _vPoetry. |
| 700 | 1 | _aAgrawala, Vasudeva Sharana. | |
| 999 |
_c60313 _d60313 |
||